Membre présent lors de la création de l'OTAN - Statistiques

Statistiques générales
  • Ce quiz a été pris 24 fois
  • Le résultat moyen est 9 sur 12
Statistiques - réponses
Réponse % Correct
France
100%
Etats-Unis
95%
Royaume-Uni
95%
Belgique
90%
Italie
90%
Canada
81%
Luxembourg
67%
Pays-Bas
67%
Norvège
62%
Portugal
62%
Danemark
52%
Islande
38%
Aucun quiz correspondant
Distribution des résultats
% des personnes avec chaque résultat
Percentile par nombre de réponses
Votre historique - résultats
Vous n’avez pas pris ce quiz